Список студентов и посторонних слушателей Томского Технологического Института Императора Николая II на 1908-1909 уч. год

Библиографические подробности
Автор-организация: Томский технологический институт (ТТИ) Императора Николая II
Примечания:Текст в русской дореформенной орфографии
Печатается по разрешению Директора Томского Технологического Института Императора Николая II
Язык:русский
Опубликовано: Томск, Акцидентная типография В. М. Перельмана, 1908
Предметы:
Формат: MixedMaterials Книга
Запись в KOHA:https://koha.lib.tpu.ru/cgi-bin/koha/opac-detail.pl?biblionumber=193134

MARC

LEADER 00000nam0a2200000 4500
001 193134
005 20231101224450.0
035 |a (RuTPU)RU\TPU\book\210621 
035 |a RU\TPU\book\210620 
090 |a 193134 
100 |a 20110317d1908 m y0rusy50 ca 
101 0 |a rus 
102 |a RU 
105 |a y z 001zy 
200 1 |a Список студентов и посторонних слушателей Томского Технологического Института Императора Николая II на 1908-1909 уч. год  |f Томский технологический институт (ТТИ) Императора Николая II 
210 |a Томск  |c Акцидентная типография В. М. Перельмана  |d 1908 
215 |a 223 с., 61 с. 
300 |a Текст в русской дореформенной орфографии 
300 |a Печатается по разрешению Директора Томского Технологического Института Императора Николая II 
320 |a Алфавитный список студентов и посторонних слушателей Томского Технологического Института Императора Николая II на 1908-1909 уч. год: с.1-61 
606 1 |a Томский политехнический университет  |2 stltpush  |3 (RuTPU)RU\TPU\subj\67475  |9 83260 
610 1 |a высшее профессиональное образование 
610 1 |a ТПУ 
610 1 |a ТТИ 
610 1 |a механическое отделение 
610 1 |a горное отделение 
610 1 |a химическое отделение 
610 1 |a инженерно-строительное отделение 
610 1 |a студенты 
610 1 |a списки 
610 1 |a Коллекция История ТПУ 
686 |a Ч484(2)72ТПУ  |v LBC/SL-A  |2 rubbk 
712 0 2 |a Томский технологический институт (ТТИ) Императора Николая II  |c (1896-1923)  |2 stltpush  |3 (RuTPU)RU\TPU\col\9244 
801 1 |a RU  |b 63413507  |c 20110316 
801 2 |a RU  |b 63413507  |c 20210205  |g RCR 
942 |c BK